Trata de personas con fines de explotación laboral en Centro América: El Salvador /
El presente articulo trata acerca de la investigación "Estudio regional sobre trata de personas para fines de explotación laboral en Centroamérica: caso de El Salvador" el cual tiene como propósito fundamental producir información actualizada sobre la prevalencia, caracteristicas e impacto...
Đã lưu trong:
| Tác giả chính: | |
|---|---|
| Định dạng: | Không biết |
| Ngôn ngữ: | Spanish |
| Được phát hành: |
Costa Rica:
Organización Internacional para las Migraciones
2013
|
| Những chủ đề: | |
| Các nhãn: |
Thêm thẻ
Không có thẻ, Là người đầu tiên thẻ bản ghi này!
|
MARC
| LEADER | 00000 a2200000 04500 | ||
|---|---|---|---|
| 001 | 47752 | ||
| 003 | cru CIDCACS/IIS | ||
| 005 | 20230707103829.0 | ||
| 008 | 050705s2013 cr spa d | ||
| 020 | |a 978-9968-542-46-3 | ||
| 022 | |a [sin ISBN] | ||
| 040 | |a Centro de Recursos para el Aprendizaje y la Investigación |b Español |c CRAI/IIS | ||
| 090 | |a 02.04.02 O68ts | ||
| 100 | |a Hidalgo Solís, Ana Lorena, coordinadora | ||
| 245 | |a Trata de personas con fines de explotación laboral en Centro América: |b El Salvador / |c Ana Lorena Hidalgo Solís, coordinadora | ||
| 260 | |a Costa Rica: |b Organización Internacional para las Migraciones |c 2013 | ||
| 300 | |a 97 páginas | ||
| 500 | |a Colección Centroamérica | ||
| 520 | |a El presente articulo trata acerca de la investigación "Estudio regional sobre trata de personas para fines de explotación laboral en Centroamérica: caso de El Salvador" el cual tiene como propósito fundamental producir información actualizada sobre la prevalencia, caracteristicas e impacto del delito de trata de personas con fines de explotación laboral (TdPL) en el pais, asi como sobre la respuesta normativa e institucional al respecto. El proceso investigativo consistió, por una parte, en la revisión documental en torno a la trata de personas con fines de explotación laboral en El Salvador. Dicha estrategia permitió delimitar el estado de la situación en el pais y conocer los antecedentes investigativos más relevantes. Por otra parte, el análisis de casos especificos de personas victimas/sobrevivientes del delito da cuenta de su dinámica y forma de operación. Finalmente, la realización de entrevistas semiestructuradas, dirigidas a personas expertas en la temática y personas funcionarias de instituciones clave para el abordaje de la trata de personas a nivel nacional, ha permitido identificar tanto a aquello sectores de la población que se encuentran en mayor riesgo frente al delito, como aquellos sectores económicos y productivos más vulnerables. El Estado salvadoreño ha ratificado algunos convenios y acuerdos internacionales para la penalización de la trata de personas. No obstante, la implementación de los convenios y tratados en general, y en especifico la persecución penal del delito de trata de personas con fines de explotación laboral o trabajo forzoso, es una prerrogativa del Estado. Pese a que el marco normativo para el combate de la trata de personas en el pais es amplio, aún persisten limitaciones para la persecución del delito y la atención integral de las victimas, sobre todo porque hay un grave vacio en la detección e identificación de los casos y en la coordinación interinstitucional para la atención den las victimas que se logran detectar. | ||
| 650 | |a TRATA DE PERSONAS |0 TESAUROS | ||
| 650 | |0 TESAUROS | ||
| 650 | |a MIGRACION |0 TESAUROS | ||
| 650 | |0 TESAUROS | ||
| 650 | |a MIGRACION FORZADA |0 TESAUROS | ||
| 650 | |0 TESAUROS | ||
| 650 | |a INSTITUCIONES PUBLICAS |0 TESAUROS | ||
| 650 | |0 TESAUROS | ||
| 650 | |a POLITICA MIGRATORIA |0 TESAUROS | ||
| 650 | |0 TESAUROS | ||
| 650 | |a CENTROAMERICA |0 TESAUROS | ||
| 650 | |0 TESAUROS | ||
| 650 | |a NICARAGUA |0 TESAUROS | ||
| 650 | |0 TESAUROS | ||
| 852 | 1 | 1 | |a 02.04.02 O68ts |
| 942 | |2 ddc |c LI |h 02.04.02 O68ts |k 02.04.02 |m O68ts |6 020402_O68TS | ||
| 999 | |c 4692 |d 4692 | ||



